| 000 | 00390nam a22001097a 4500 | ||
|---|---|---|---|
| 008 | 230609b xxu||||| |||| 00| 0 eng d | ||
| 082 |
_a352.4 _bKEN |
||
| 245 |
_a2010/2011 Supplementary Estimates (Recurrent Expenditure) _bEstimate of Further Sums Required to be Voted for the Service of the Year Ending 30th June,2011 |
||
| 260 |
_aNairobi,Kenya _bGOK _c2011 |
||
| 300 | _aV,393p | ||
| 942 |
_2ddc _cBK |
||
| 999 |
_c949 _d949 |
||